<?xml version="1.0" encoding="UTF-8"?>
<marc:record xmlns:marc="http://www.loc.gov/MARC21/slim">
   <marc:leader>00000nam a2200000 a 4500</marc:leader>
   <marc:datafield ind1="1" ind2=" " tag="100">
      <marc:subfield code="a">Wulf, Ulrich</marc:subfield>
      <marc:subfield code="4">ctb</marc:subfield>
      <marc:subfield code="e">Mitwirkende/-r</marc:subfield>
   </marc:datafield>
   <marc:datafield ind1="1" ind2=" " tag="100">
      <marc:subfield code="a">Senkhorst-Wulf, Denise</marc:subfield>
      <marc:subfield code="4">ctb</marc:subfield>
      <marc:subfield code="e">Mitwirkende/-r</marc:subfield>
   </marc:datafield>
   <marc:datafield ind1=" " ind2=" " tag="653">
      <marc:subfield code="a">Haflinger</marc:subfield>
   </marc:datafield>
   <marc:datafield ind1=" " ind2=" " tag="653">
      <marc:subfield code="a">Reiten</marc:subfield>
   </marc:datafield>
   <marc:datafield ind1=" " ind2=" " tag="653">
      <marc:subfield code="a">Ratgeber</marc:subfield>
   </marc:datafield>
   <marc:datafield ind1="0" ind2="0" tag="245">
      <marc:subfield code="a">Tirols blonde Pferde</marc:subfield>
   </marc:datafield>
   <marc:datafield ind1="0" ind2="0" tag="245">
      <marc:subfield code="b">Haflinger - ein Rasseporträt</marc:subfield>
   </marc:datafield>
   <marc:datafield ind1="0" ind2="0" tag="245">
      <marc:subfield code="c">von Ulrich Wulf. [Fotos: Denise Senkhorst-Wulf</marc:subfield>
   </marc:datafield>
   <marc:datafield ind1=" " ind2="1" tag="264">
      <marc:subfield code="a">Brunsbek</marc:subfield>
      <marc:subfield code="b">Cadmos Verlag</marc:subfield>
      <marc:subfield code="c">2007</marc:subfield>
   </marc:datafield>
   <marc:datafield ind1="1" ind2=" " tag="520">
      <marc:subfield code="a">Angaben aus der Verlagsmeldung

Tirols blonde Pferde : Haflinger - ein Rasseporträt / von Ulrich Wulf

Haflinger – das sind die anmutigen Füchse mit der flachsfarbenen Mähne, den kleinen Ohren und dem freundlichen Wesen, die aus der heutigen Pferdezucht nicht mehr wegzudenken sind.
Längst überfällig war dieser Bildband, der die sympathische Rasse porträtiert und gleichzeitig viel Wissenswertes über das Pferd aus den Südtiroler Alpen vermittelt. Als vielseitiges Familien- und Freizeitpferd wird der Haflinger geschätzt, ebenso jedoch als verlässlicher und leistungsbereiter Sportkamerad für viele Disziplinen unter dem Sattel und im Gespann.
Der Autor, Haflinger-Fachmann durch und durch, berichtet von der wechselvollen Geschichte dieser noch jungen Rasse – ihre Entstehung geht auf das Jahr 1874 zurück –, zeigt die heutigen Einsatzmöglichkeiten auf und vermittelt Haflingerbesitzern wichtiges Wissen zu richtiger Haltung und artgerechtem Umgang mit den blonden Pferden Tirols.
</marc:subfield>
   </marc:datafield>
   <marc:datafield ind1=" " ind2=" " tag="020">
      <marc:subfield code="a">9783861274414</marc:subfield>
      <marc:subfield code="9">9783861274414</marc:subfield>
   </marc:datafield>
   <marc:datafield ind1=" " ind2=" " tag="020">
      <marc:subfield code="a">3861274418</marc:subfield>
      <marc:subfield code="9">3861274418</marc:subfield>
   </marc:datafield>
   <marc:datafield ind1=" " ind2=" " tag="041">
      <marc:subfield code="a">ger</marc:subfield>
   </marc:datafield>
   <marc:datafield ind1=" " ind2=" " tag="300">
      <marc:subfield code="a">79 S.</marc:subfield>
   </marc:datafield>
</marc:record>
